000 00429nam a2200181Ia 4500
001 22346
005 20260414150825.0
008 260414t2005||||xx |||||||||||||| ||spa||
041 _aESP
082 _a621.3192
_bN57
100 _aNilsson, James W.
_eAUT
245 0 _aCircuitos eléctricos
_b
260 _c2005
300 _axxvii, 1015 páginas :
_c25 cm.
650 _aTCA
654 _aCET
942 _cLIB
_dJUS
_fJUS
_2ddc
_n
999 _c22346
_d22346